00910nam a2200265 a 450000100060000000300080000600500170001400800410003102000150007203500190008704000270010604100080013308200260014109900140016710000290018124500720021026000630028230000330034550000220037850400300040065100630043094200120049399900170050595201220052257851BD-RjUL20211209080547.0161212s1979 caua b 001 0 eng  a091353014X a(BD-RjUL)57975 aDLCcDLCdBD-RjULbeng aeng 223a320.973bBEA 1979 aJK274.B521 aBerman, David R.917183810aAmerican government, politics, and policymaking /cDavid R. Berman. aPacific Palisades, Calif. :bPalisades Publishers,cc1979. axv, 376 p. :bill. ;c24 cm. aIncludes indexes. aBibliography: p. 331-344. 0aUnited StatesxPolitics and governmenty1945-1989.9171839 2ddccBK c57851d57851 00102ddc40718NFICaRUCLbRUCLcReadingd1992-11-05l0o320.973 BEA 1979r2016-12-12 00:00:00tC-1w2016-12-12yBK